000 01265nam a2200385Ia 4500
001 dia_6046
003 CHAP
005 20251023165955.0
008 220117s2007 xx 000 0 und d
010 _a177233
020 _a84-7423-946-X
040 _cCHAP
082 _a808.849353 B48 P75 2007
100 _aBettelheim, Bruno
_912083
245 _aPsicoanálisis de los cuentos de hadas /
_c Bruno Bettelheim ; traduccion Silvia Furió
250 _a8a ed.
260 _aEspaña :
_b Crítica,
_c2007
300 _a340 p.
440 _aBiblioteca de bolsillo ; 3
_9160574
500 _aTítulo original: The uses of enchantment: the meaning and importance of fairy tales
503 _aC.
504 _aBibliografía: p.329-331
590 _aGR550 B48 2007
650 0 _aAmerican literature
_y20th century
_9153260
650 _aCuentos de hadas
_xPsicoanálisis
_9160575
650 _aEnsayo
_9153131
650 _aEssay
_9153132
650 _aFairy tales
_xPsychoanalysis
_9160576
650 0 _aLiteratura americana
_ySiglo XX
_9153261
700 _aFurió, Silvia, tr.
_9160577
901 _a808.849353 B48 P75 2007
902 _aA
905 _a5232272007 sp x 9222223322spa16
942 _cLIBRO
_2ddc
999 _c177233
_d177233